| 000 | 00468cam a2200193ua 4500 | ||
|---|---|---|---|
| 020 | _c5.00 | ||
| 041 |
_aeng _h |
||
| 082 |
_a510 _bTHR/TE |
||
| 100 | _aThrivikraman, R . | ||
| 245 |
_aText book of mathematics / _cR Thrivikraman. _hTextual Documents |
||
| 250 |
_a1 / _b. |
||
| 260 |
_aChennai : _bThe National Publishing Co , _c1959. |
||
| 300 | _a333 ; . | ||
| 365 | _a5.00 | ||
| 504 | _a | ||
| 942 | _cBK | ||
| 999 |
_c9496 _d9496 |
||